Dnyaneshwariche Sulhabha gadya rupantar (Record no. 361976)

MARC details
000 -LEADER
fixed length control field 003390000a22001330004500
005 - DATE AND TIME OF LATEST TRANSACTION
control field 20120302064352.0
040 ## - CATALOGING SOURCE
Original cataloging agency Mar
100 ## - MAIN ENTRY--PERSONAL NAME
Personal name Deshmukh,Keshavrao Maharaj
245 ## - TITLE STATEMENT
Title Dnyaneshwariche Sulhabha gadya rupantar
260 ## - PUBLICATION, DISTRIBUTION, ETC. (IMPRINT)
Place of publication, distribution, etc Poona:Shripad Deshpande
300 ## - PHYSICAL DESCRIPTION
Extent xvii;248p..-ill
650 ## - SUBJECT ADDED ENTRY--TOPICAL TERM
Topical term or geographic name as entry element Dnyaneshwari (Khand-1)
942 ## - ADDED ENTRY ELEMENTS (KOHA)
Koha item type Book
Holdings
Withdrawn status Lost status Damaged status Not for loan Home library Current library Date acquired Total Checkouts Barcode Date last seen Price effective from
        Institute For Oriental Study, Thane Institute For Oriental Study, Thane 12/02/2009   IOS-M 23029 12/02/2009 12/02/2009